| 000 | 01536cam a22003254a 4500 | ||
|---|---|---|---|
| 001 | 12110964 | ||
| 003 | ARRUPE | ||
| 005 | 20140130162513.0 | ||
| 008 | 000721s2000 nyua b 001 0 eng | ||
| 010 | _a 00010505 | ||
| 020 | _a155939157X (acidfree recycled paper) | ||
| 040 |
_aDLC _cDLC _dDLC |
||
| 041 | 1 |
_aeng _htib |
|
| 042 | _apcc | ||
| 050 | 0 | 0 |
_aBQ7662.4 _b.B783 2000 |
| 082 | 0 | 0 |
_a294.3/420423 _221 |
| 100 | 0 |
_aBstan-ʼdzin-rgya-mtsho, _cDalai Lama XIV, _d1935- _97423 |
|
| 245 | 1 | 0 |
_aDzogchen : _bthe heart essence of the great perfection : Dzogchen teachings given in the West / _cby His Holiness the Dalai Lama ; translated by Geshe Thupten Jinpa and Richard Barron (Chökyi Nyima) ; edited by Patrick Gaffney for Rigpa. |
| 260 |
_aIthaca, NY, USA : _bSnow Lion Publications, _c2000. |
||
| 300 |
_a271 p., [8] p. of plates : _bill. ; _c24 cm. |
||
| 504 | _aIncludes bibliographical references (p. [249]-256) and index. | ||
| 650 | 0 |
_aRdzogs-chen (Rñiṅ-ma-pa) _97424 |
|
| 700 | 1 |
_aThupten Jinpa. _97425 |
|
| 700 | 1 |
_aBarron, Richard. _97426 |
|
| 700 | 1 |
_aGaffney, Patrick, _d1949- _97427 |
|
| 710 | 2 |
_aRigpa. _97428 |
|
| 906 |
_a7 _bcbc _corignew _d1 _eecip _f20 _gy-gencatlg |
||
| 942 |
_2lcc _cMONOGRAPH |
||
| 999 |
_c119799 _d119799 |
||